| 000 | 00404cam a2200157ua 4500 | ||
|---|---|---|---|
| 041 |
_amal _h |
||
| 082 |
_a894.812301 _bKIT/KO |
||
| 100 | _aKittunni, C A . | ||
| 245 |
_aKodiyum padavum / _cC A Kittunni. _hTextual Documents |
||
| 250 |
_a1 / _b. |
||
| 260 |
_aKottayam : _bSahitya Pravarthaka Co-operative Society , _c1959. |
||
| 300 | _a95 ; . | ||
| 504 | _a | ||
| 942 | _cBK | ||
| 999 |
_c11521 _d11521 |
||